El texto silencioso : tradición y vanguardia en la poesía sudamericana /
Tallennettuna:
| Päätekijä: | |
|---|---|
| Aineistotyyppi: | Tuntematon |
| Kieli: | Spanish |
| Julkaistu: |
México, D. F. :
Universidad Nacional Autónoma de México,
1983.
|
| Aiheet: | |
| Tagit: |
Lisää tagi
Ei tageja, Lisää ensimmäinen tagi!
|
MARC
| LEADER | 000000000a22000000004500 | ||
|---|---|---|---|
| 001 | 011299 | ||
| 020 | |a 9685804990 | ||
| 041 | 0 | |a spa | |
| 082 | 0 | 4 | |a 861 |b K15t |
| 100 | 1 | |a Kamenszain, Tamara, |d 1947- | |
| 245 | 1 | 3 | |a El texto silencioso : |b tradición y vanguardia en la poesía sudamericana / |c Tamara Kamenszain. |
| 260 | 1 | |a México, D. F. : |b Universidad Nacional Autónoma de México, |c 1983. | |
| 300 | |a 93 páginas | ||
| 500 | |a Colección George Yúdice | ||
| 650 | 4 | |a LIHN, ENRIQUE | |
| 650 | 4 | |a CRITICA E INTERPRETACION | |
| 650 | 4 | |a LITERATURA ARGENTINA | |
| 650 | 4 | |a POESIA | |
| 650 | 4 | |a SIGLO XX | |
| 650 | 4 | |a HISTORIA Y CRITICA | |
| 999 | |c 16596 |d 16596 | ||
| 942 | |c BK |h 861 K15t |2 z | ||



